| 000 | 00667nam a22001697a 4500 | ||
|---|---|---|---|
| 003 | OSt | ||
| 005 | 20171010095526.0 | ||
| 008 | 121002t xxu||||| |||| 00| 0 eng d | ||
| 040 |
_aMMSU _cULS |
||
| 100 |
_aJose, Francis Paul S., Sadiri, Jeffrey L. _912990 |
||
| 245 |
_aA Point of sales for the University Food Service Center and marketing Unit of the Mariano Marcos State University _cFrancis Paul S. Jose, Jeffrey L. Sadiri |
||
| 260 | _c2008 | ||
| 300 |
_aix, [141] leaves _c28 cm. |
||
| 500 | _aThesis (BS Computer Science) -- Mariano Marcos State University-College of Arts and Sciences, Batac City | ||
| 504 | _aBibliography: leaves 46 | ||
| 942 |
_2ddc _cTHEDIS |
||
| 999 |
_c9787 _d9787 |
||